| 000 | 00509nam a2200181Ia 4500 | ||
|---|---|---|---|
| 003 | GCL | ||
| 008 | 140319s9999 xx 000 0 eng d | ||
| 040 |
_aGCL / _cGCL |
||
| 082 | 0 | 4 |
_a111.85 _bS T |
| 100 | 1 | _aSUMMERS, DAVID | |
| 245 | 1 | 0 |
_aTHE JUDGMENT OF SENSE: RENAISSANCE NATURALISM AND THE RISE OF AESTHETICS / _cSUMMERS, DAVID |
| 260 |
_a[S.N] : _bCAMBRIDGE UNIVERSITY PRESS ، _c1990 |
||
| 300 | _a365 P | ||
| 650 | 0 | 4 | _aNATURALISM |
| 650 | 0 | 4 | _aAESTHETICS |
| 650 | 0 | 4 | _aPERCEPTION |
| 942 |
_2ddc _cBK |
||
| 999 |
_c21428 _d21428 |
||